000 00637nam a22002177a 4500
003 OSt
005 20160426203448.0
008 160426b xxu||||| |||| 00| 0 eng d
020 _a9780443103902
040 _cDNLM
082 _aWB460 C348n 2008
100 _aChaitow, Leon
_98356
245 _aNaturopathic Physical Medicine:Theory and practice for manual therapists and naturopaths
260 _aEdinburgh; Churchill, 2008
300 _axiv,577p;ill: 26cm
504 _aReferences, & index included
650 _aPhysical medicine
_98357
650 _aNaturopathic
_98358
650 _aPsysiotherapy
_98359
942 _2z
_cO_SHELF
999 _c3802
_d3802